Statistics for Mountain West College Logo Quiz

Click here to take the quiz!

General Stats

  • This quiz has been taken 51 times
  • The average score is 10 of 12

Answer Stats

Answer% Correct
Air Force Falcons
96%
Boise St Broncos
96%
Hawaii Rainbow Warriors
96%
San Diego St Aztecs
91%
Colorado St Rams
89%
New Mexico Lobos
85%
Utah St Aggies
85%
Fresno St Bulldogs
83%
Wyoming Cowboys
83%
San Jose St Spartans
79%
Nevada Wolfpack
77%
UNLV Rebels
57%

Score Distribution

Percentile by Number Answered

Percent of People with Each Score

Your Score History

You have not taken this quiz